[Event "Ceske Budejovice op-B"]
[Site "Ceske Budejovice"]
[Date "2023.07.09"]
[Round "9"]
[White "Klimes, Roman"]
[Black "Cech, Nicolas"]
[Result "1-0"]
[WhiteElo "1326"]
[BlackElo "1307"]
[PlyCount "88"]
[EventDate "2023.07.01"]
[EventType "swiss"]
[EventRounds "9"]
[EventCountry "CZE"]
[SourceTitle "EXT 2024"]
[Source "ChessBase"]
[SourceDate "2023.10.10"]
[SourceVersion "1"]
[SourceVersionDate "2023.10.10"]
[SourceQuality "1"]

1. e4 e5 2. Nf3 Nc6 3. Bb5 a6 4. Ba4 b5 5. Bb3 Nf6 6. 0-0 Bb7 7. c3 Be7 8. Re1 0-0 9. d4 exd4 10. cxd4 d6 11. d5 Ne5 12. Nc3 Rc8 13. Nd4 c5 14. dxc6 Nxc6 15. Bf4 Nxd4 16. Qxd4 Re8 17. Rad1 Rc6 18. a4 Qb6 19. axb5 axb5 20. Qb4 d5 21. Qxb5 Bb4 22. Qxb6 Rxb6 23. Bxd5 Bxc3 24. bxc3 Nxd5 25. exd5 Rxe1+ 26. Rxe1 f6 27. c4 Kf7 28. d6 Bc6 29. c5 Rb5 30. Rc1 Ke6 31. Be3 h5 32. f3 g6 33. Kf2 h4 34. Re1 Kf7 35. Bd4 Ra5 36. Re7+ Kf8 37. Rc7 Ra2+ 38. Kf1 Bb5+ 39. Kg1 Rc2 40. Bxf6 Rc1+ 41. Kf2 Rc2+ 42. Ke3 Rxg2 43. c6 Re2+ 44. Kf4 Rd2 1-0

[Event "Ceske Budejovice op-B"]
[Site "Ceske Budejovice"]
[Date "2023.07.07"]
[Round "7"]
[White "Klimes, Roman"]
[Black "Weiss, Petr"]
[Result "0-1"]
[WhiteElo "1326"]
[BlackElo "1515"]
[PlyCount "80"]
[EventDate "2023.07.01"]
[EventType "swiss"]
[EventRounds "9"]
[EventCountry "CZE"]
[SourceTitle "EXT 2024"]
[Source "ChessBase"]
[SourceDate "2023.10.10"]
[SourceVersion "1"]
[SourceVersionDate "2023.10.10"]
[SourceQuality "1"]

1. e4 e5 2. Nf3 d6 3. d4 Nc6 4. dxe5 Bg4 5. Be2 Bxf3 6. Bxf3 Nxe5 7. Nc3 c6 8. 0-0 Nf6 9. Qe2 h6 10. Bf4 Qc7 11. Bxe5 dxe5 12. Rfd1 Be7 13. Rd3 g5 14. Bh5 Rd8 15. Rad1 0-0 16. Bg4 Rxd3 17. Rxd3 Rd8 18. Bf5 Rxd3 19. Qxd3 a5 20. a4 Qb6 21. b3 Bc5 22. Qe2 Qb4 23. Nb1 Nh5 24. g3 Ng7 25. Qd2 Qb6 26. Kf1 Bd4 27. Qe2 Qd8 28. Nd2 Bc3 29. Nc4 b5 30. axb5 cxb5 31. Ne3 b4 32. Nd5 Nxf5 33. Nxc3 Nd4 34. Qd3 bxc3 35. Qxc3 Qb6 36. Qe3 Qb5+ 37. c4 Qxb3 38. Qxb3 Nxb3 39. Ke2 a4 40. Kd1 a3 0-1

[Event "Ceske Budejovice op-B"]
[Site "Ceske Budejovice"]
[Date "2023.07.05"]
[Round "5"]
[White "Klimes, Roman"]
[Black "Yurchenko, Oleg"]
[Result "1/2-1/2"]
[WhiteElo "1326"]
[BlackElo "1659"]
[PlyCount "83"]
[EventDate "2023.07.01"]
[EventType "swiss"]
[EventRounds "9"]
[EventCountry "CZE"]
[SourceTitle "EXT 2024"]
[Source "ChessBase"]
[SourceDate "2023.10.10"]
[SourceVersion "1"]
[SourceVersionDate "2023.10.10"]
[SourceQuality "1"]

1. e4 e5 2. Nf3 Nc6 3. Bb5 Bc5 4. c3 Nf6 5. Nxe5 Bxf2+ 6. Kxf2 Nxe4+ 7. Kg1 Nxe5 8. Qe2 Qh4 9. d3 c6 10. dxe4 cxb5 11. g3 Qg4 12. Qxg4 Nxg4 13. Bf4 0-0 14. h3 Nf6 15. Nd2 d5 16. Re1 dxe4 17. Nxe4 Nxe4 18. Rxe4 Bf5 19. Re5 Be6 20. Rxb5 Bd7 21. Re5 Rae8 22. Kf2 Bc6 23. Rhe1 Rxe5 24. Rxe5 f6 25. Re7 Rf7 26. Rxf7 Kxf7 27. Ke3 Bd7 28. h4 h6 29. Kd4 g5 30. hxg5 hxg5 31. Bb8 a6 32. b4 Ke6 33. Ke3 Bc6 34. Ba7 Kd5 35. Bd4 b5 36. Bxf6 g4 37. Kd3 Bd7 38. Bd4 Bf5+ 39. Ke3 Be4 40. Kf4 Bf3 41. Ke3 Kc4 42. Be5 1/2-1/2

[Event "Ceske Budejovice op-B"]
[Site "Ceske Budejovice"]
[Date "2023.07.02"]
[Round "2"]
[White "Sedivy, Karel"]
[Black "Klimes, Roman"]
[Result "1-0"]
[WhiteElo "1605"]
[BlackElo "1326"]
[PlyCount "63"]
[EventDate "2023.07.01"]
[EventType "swiss"]
[EventRounds "9"]
[EventCountry "CZE"]
[SourceTitle "EXT 2024"]
[Source "ChessBase"]
[SourceDate "2023.10.10"]
[SourceVersion "1"]
[SourceVersionDate "2023.10.10"]
[SourceQuality "1"]

1. d4 Nf6 2. c4 e6 3. Nf3 Be7 4. Nc3 b6 5. e4 d6 6. Be2 Bb7 7. d5 exd5 8. cxd5 c6 9. 0-0 0-0 10. Qb3 Nbd7 11. Be3 Nc5 12. Bxc5 dxc5 13. d6 Bxd6 14. e5 Bxe5 15. Nxe5 Qe7 16. Nf3 Nd5 17. Rfe1 Qd7 18. Rad1 Rad8 19. Bc4 Qf5 20. Re5 Nxc3 21. bxc3 Qf4 22. Rde1 Bc8 23. R5e4 Qf6 24. R4e3 Bf5 25. h3 b5 26. Be2 c4 27. Qb4 Bd3 28. Nd4 Bxe2 29. R1xe2 Rd5 30. Re8 c5 31. Qxb5 cxd4 32. Rxf8+ 1-0

[Event "CZE-chT2A 2223"]
[Site "Czech Republic"]
[Date "2022.11.06"]
[Round "2.8"]
[White "Klimes, Roman"]
[Black "Predota, Vit"]
[Result "1/2-1/2"]
[WhiteElo "1345"]
[BlackElo "1318"]
[PlyCount "79"]
[EventDate "2022.10.16"]
[EventType "team-tourn"]
[EventRounds "11"]
[EventCountry "CZE"]
[SourceTitle "EXT 2024"]
[Source "ChessBase"]
[SourceDate "2023.10.10"]
[SourceVersion "1"]
[SourceVersionDate "2023.10.10"]
[SourceQuality "1"]
[WhiteTeam "Budejovice"]
[BlackTeam "Budejovice II"]
[WhiteTeamCountry "CZE"]
[BlackTeamCountry "CZE"]

1. e4 e5 2. Nf3 Nf6 3. Nxe5 Qe7 4. Nf3 Qxe4+ 5. Be2 Bb4 6. 0-0 0-0 7. c3 Ba5 8. d4 Qg6 9. Ne5 Qf5 10. Nc4 Nc6 11. b4 Bb6 12. a4 a5 13. Nxb6 cxb6 14. b5 Ne7 15. Re1 Re8 16. Bd3 Qd5 17. c4 Qh5 18. Qxh5 Nxh5 19. Ba3 Kf8 20. Nc3 Nf4 21. Bc2 Ne6 22. Re4 g6 23. d5 Nc5 24. Re3 d6 25. Rae1 Bf5 26. Bxf5 Nxf5 27. Rxe8+ Rxe8 28. Rxe8+ Kxe8 29. Bxc5 bxc5 30. Kf1 Nd4 31. f4 Ke7 32. Kf2 f5 33. Ke3 Kf6 34. Ne2 Nxe2 35. Kxe2 g5 36. g3 gxf4 37. gxf4 Kg6 38. Kf3 Kh5 39. Kg3 b6 40. h4 1/2-1/2